000 00300nam a22001097a 4500
040 _cSY
082 _a333
100 _aNA
245 _aForestry sector regulations, លិខិតបទដ្ឋាន-ច្បាប់នៃវិស័យព្រៃឈើ
260 _aRUA
_bNA
_c2006
942 _cKB
999 _c9636
_d9636